000
00263nam a2200109Ia 4500
005
20251222114351.0
008
251222s1900||||xx |||||||||||||| ||spa||
082
_a
DVD0070S47/1998
245
0
_a
En el nombre del padre
264
_b
Hell's Kitchen Films
942
_c
DVD
999
_c
1252
_d
1252